000
00306nam a22001337a 4500
008
260323b ||||| |||| 00| 0 eng d
020
_a
9789951053761
041
_a
eng
080
_a
821.11
100
_a
25
101
_a
prrallëza
245
_a
Lepurushi prej pushi
_c
Margery Williams
942
_2
udc
_c
BK
999
_c
60914
_d
60914